000 00599nam a2200205Ia 4500
005 20250923145356.0
008 008 250917s9999 xx 000 0 eng d
037 _aTextual
040 _aDSWL
_beng
_cDSWL
041 _aeng
_2eng
084 _aQ29M2, N65
_qDSWL
100 _aMajumdar, R.C.
_9834644
245 0 _aSvami Vivekananda : A historical review
_c by R.C. Majumdar
260 _aCalcutta
_bGeneral Printers and Pub. P. Ltd.
_c1965
300 _avii,182 p.
365 _aINR
_b10 . 0
925 _g10 . 0
942 _cTEXL
_hQ29M2, N65
999 _c1450618
_d1450618